Quizzes
Events
Quiz Creation
Community
Videos
Private Events
Remove Ads
Sign In
Join for FREE
Feedback
Dark Mode
Quiz Categories
Sports
Geography
Music
Movies
Television
Just For Fun
Miscellaneous
History
Literature
Language
Science
Gaming
Entertainment
Religion
Holiday
For Kids
Quiz Lab
Recent
Popular Today
Quiz Kudos Today
Editor Picks
Curator Picks
Quizzes by...
Day
Popularity
Type
Ratings
Length
Year
Community
Subscriptions
Recent Discussions
Orange Saloon
Badges
Playlists
Quests
Create
Leaderboards
Showdown
Live 5
Trivia Bingo
Activity
Puzzle Library
Sporcle Events
Private Events
Virtual Trivia
Globe League
Become a Host
Pub Owners
SporcleCon
Opinionation
Our Games
Videos
Blog
Mobile Apps
Partnerships
Remove Ads and Go Orange
Feedback
Sports
Athletes
MLB
NBA
NHL
NFL
Soccer
Sports Teams
WWE
NCAA
Football
Premier League
Basketball
Baseball
Hockey
Golf
Tennis
Cricket
Rugby
Auto Racing
Olympics
World Cup
Sports
Athletes
MLB
NBA
NHL
NFL
Soccer
Sports Teams
WWE
NCAA
Football
Premier League
Basketball
Baseball
Hockey
Golf
Tennis
Cricket
Rugby
Auto Racing
Olympics
World Cup
Random Quiz
Search Sporcle
×
Quiz Lab
Quiz Lab
Sports
Event
Type in answers that appear in a list
Type in answers that appear in a list
Classic
Best Score? Go Orange.
ROH Matches pt 10 Stats
Can you name the ROH Matches pt 10?
By
wrestlefan3589
20m
299 Questions
56 Plays
56 Plays
56 Plays
Comments
Comments
Give Quiz Kudos
Give Quiz Kudos
-
- Ratings
hide this ad
Replay
Link that replays current quiz
Next Quiz
Link to next quiz in quiz playlist
You Got
0%
They Got
Avg Score
84%
Avg Friend Score
Upgrade to see
Score Distribution
Jump to the score distribution portion of the page
Score
0/299
Timer
20:00
0
Plays Today
Event
Wrestler
% Correct
Final Battle 2005 (12-
17-
05)
Christopher Daniels
100%
Final Battle 2005 (12-
17-
05)
Bryan Danielson
100%
Hell Freezes Over (1-
14-
06)
Bryan Danielson
100%
Hell Freezes Over (1-
14-
06)
Christopher Daniels
100%
Hell Freezes Over (1-
14-
06)
Bryan Danielson
100%
Tag Wars 2006 (1-
27-
06)
Christopher Daniels
100%
Tag Wars 2006 (1-
27-
06)
Bryan Danielson
100%
Dissension (1-
28-
06)
Christopher Daniels
100%
Dissension (1-
28-
06)
Bryan Danielson
100%
Unscripted 2 (2-
11-
06)
Bryan Danielson
100%
Unscripted 2 (2-
11-
06)
Bryan Danielson
100%
4th Anniversary Show (2-
25-
06)
Bryan Danielson
100%
Arena Warfare (3-
11-
06)
Bryan Danielson
100%
Arena Warfare (3-
11-
06)
Christopher Daniels
100%
Best in the World (3-
25-
06)
Christopher Daniels
100%
Best in the World (3-
25-
06)
Bryan Danielson
100%
Dragon Gate Challenge (3-
30-
06)
Bryan Danielson
100%
Dragon Gate Challenge (3-
30-
06)
Christopher Daniels
100%
Supercard of Honor (3-
31-
06)
Christopher Daniels
100%
Supercard of Honor (3-
31-
06)
Bryan Danielson
100%
Better than Our Best (4-
1-
06)
Christopher Daniels
100%
Better than Our Best (4-
1-
06)
Bryan Danielson
100%
The 100th Show (4-
22-
06)
Christopher Daniels
100%
The 100th Show (4-
22-
06)
Bryan Danielson
100%
The 100th Show (4-
22-
06)
Bryan Danielson
100%
Final Battle 2005 (12-
17-
05)
Samoa Joe
98.2%
Hell Freezes Over (1-
14-
06)
Samoa Joe
98.2%
Arena Warfare (3-
11-
06)
Samoa Joe
98.2%
Best in the World (3-
25-
06)
Samoa Joe
98.2%
Dragon Gate Challenge (3-
30-
06)
Samoa Joe
98.2%
Supercard of Honor (3-
31-
06)
Samoa Joe
98.2%
Better than Our Best (4-
1-
06)
Samoa Joe
98.2%
The 100th Show (4-
22-
06)
Samoa Joe
98.2%
Final Battle 2005 (12-
17-
05)
Austin Aries
96.4%
Tag Wars 2006 (1-
27-
06)
Austin Aries
96.4%
Hell Freezes Over (1-
14-
06)
Austin Aries
96.4%
Hell Freezes Over (1-
14-
06)
Homicide
96.4%
Dissension (1-
28-
06)
Austin Aries
96.4%
Unscripted 2 (2-
11-
06)
Austin Aries
96.4%
4th Anniversary Show (2-
25-
06)
Homicide
96.4%
4th Anniversary Show (2-
25-
06)
Austin Aries
96.4%
Arena Warfare (3-
11-
06)
Homicide
96.4%
Arena Warfare (3-
11-
06)
Austin Aries
96.4%
Best in the World (3-
25-
06)
Austin Aries
96.4%
Dragon Gate Challenge (3-
30-
06)
Homicide
96.4%
Dragon Gate Challenge (3-
30-
06)
Austin Aries
96.4%
Supercard of Honor (3-
31-
06)
Austin Aries
96.4%
Supercard of Honor (3-
31-
06)
Homicide
96.4%
Better than Our Best (4-
1-
06)
Austin Aries
96.4%
Better than Our Best (4-
1-
06)
Homicide
96.4%
The 100th Show (4-
22-
06)
Austin Aries
96.4%
The 100th Show (4-
22-
06)
Homicide
96.4%
Final Battle 2005 (12-
17-
05)
Roderick Strong
94.6%
Final Battle 2005 (12-
17-
05)
Low Ki
94.6%
Hell Freezes Over (1-
14-
06)
Roderick Strong
94.6%
Hell Freezes Over (1-
14-
06)
Chris Hero
94.6%
Tag Wars 2006 (1-
27-
06)
Low Ki
94.6%
Tag Wars 2006 (1-
27-
06)
Roderick Strong
94.6%
Dissension (1-
28-
06)
Low Ki
94.6%
Dissension (1-
28-
06)
Roderick Strong
94.6%
Unscripted 2 (2-
11-
06)
Roderick Strong
94.6%
4th Anniversary Show (2-
25-
06)
Mark Briscoe
94.6%
4th Anniversary Show (2-
25-
06)
Jay Briscoe
94.6%
4th Anniversary Show (2-
25-
06)
Roderick Strong
94.6%
Arena Warfare (3-
11-
06)
Mark Briscoe
94.6%
Arena Warfare (3-
11-
06)
Jay Briscoe
94.6%
Arena Warfare (3-
11-
06)
Roderick Strong
94.6%
Best in the World (3-
25-
06)
Chris Hero
94.6%
Best in the World (3-
25-
06)
Roderick Strong
94.6%
Best in the World (3-
25-
06)
Mark Briscoe
94.6%
Best in the World (3-
25-
06)
Jay Briscoe
94.6%
Dragon Gate Challenge (3-
30-
06)
Roderick Strong
94.6%
Supercard of Honor (3-
31-
06)
Roderick Strong
94.6%
Better than Our Best (4-
1-
06)
Roderick Strong
94.6%
The 100th Show (4-
22-
06)
Roderick Strong
94.6%
The 100th Show (4-
22-
06)
Mark Briscoe
94.6%
The 100th Show (4-
22-
06)
Jay Briscoe
94.6%
The 100th Show (4-
22-
06)
Chris Hero
94.6%
Final Battle 2005 (12-
17-
05)
Colt Cabana
92.9%
Final Battle 2005 (12-
17-
05)
Nigel McGuiness
92.9%
Final Battle 2005 (12-
17-
05)
Claudio Castagnoli
92.9%
Final Battle 2005 (12-
17-
05)
BJ Whitmer
92.9%
Hell Freezes Over (1-
14-
06)
Nigel McGuiness
92.9%
Hell Freezes Over (1-
14-
06)
Claudio Castagnoli
92.9%
Hell Freezes Over (1-
14-
06)
BJ Whitmer
92.9%
Hell Freezes Over (1-
14-
06)
Matt Sydal
92.9%
Tag Wars 2006 (1-
27-
06)
Matt Sydal
92.9%
Tag Wars 2006 (1-
27-
06)
BJ Whitmer
92.9%
Tag Wars 2006 (1-
27-
06)
Claudio Castagnoli
92.9%
Tag Wars 2006 (1-
27-
06)
Nigel McGuiness
92.9%
Tag Wars 2006 (1-
27-
06)
Delirious
92.9%
Tag Wars 2006 (1-
27-
06)
Matt Sydal
92.9%
Dissension (1-
28-
06)
Delirious
92.9%
Dissension (1-
28-
06)
Claudio Castagnoli
92.9%
Dissension (1-
28-
06)
Nigel McGuiness
92.9%
Dissension (1-
28-
06)
BJ Whitmer
92.9%
Dissension (1-
28-
06)
Matt Sydal
92.9%
Unscripted 2 (2-
11-
06)
Colt Cabana
92.9%
Unscripted 2 (2-
11-
06)
Nigel McGuiness
92.9%
Unscripted 2 (2-
11-
06)
BJ Whitmer
92.9%
Event
Wrestler
% Correct
4th Anniversary Show (2-
25-
06)
Claudio Castagnoli
92.9%
4th Anniversary Show (2-
25-
06)
Colt Cabana
92.9%
4th Anniversary Show (2-
25-
06)
Matt Sydal
92.9%
Arena Warfare (3-
11-
06)
Matt Sydal
92.9%
Arena Warfare (3-
11-
06)
Colt Cabana
92.9%
Arena Warfare (3-
11-
06)
Colt Cabana
92.9%
Best in the World (3-
25-
06)
Nigel McGuiness
92.9%
Best in the World (3-
25-
06)
Claudio Castagnoli
92.9%
Dragon Gate Challenge (3-
30-
06)
Colt Cabana
92.9%
Dragon Gate Challenge (3-
30-
06)
BJ Whitmer
92.9%
Dragon Gate Challenge (3-
30-
06)
Delirious
92.9%
Dragon Gate Challenge (3-
30-
06)
Claudio Castagnoli
92.9%
Dragon Gate Challenge (3-
30-
06)
Matt Sydal
92.9%
Supercard of Honor (3-
31-
06)
Delirious
92.9%
Supercard of Honor (3-
31-
06)
Claudio Castagnoli
92.9%
Supercard of Honor (3-
31-
06)
Matt Sydal
92.9%
Better than Our Best (4-
1-
06)
Matt Sydal
92.9%
Better than Our Best (4-
1-
06)
Delirious
92.9%
Better than Our Best (4-
1-
06)
Colt Cabana
92.9%
The 100th Show (4-
22-
06)
Claudio Castagnoli
92.9%
The 100th Show (4-
22-
06)
Delirious
92.9%
The 100th Show (4-
22-
06)
Colt Cabana
92.9%
The 100th Show (4-
22-
06)
Delirious
92.9%
The 100th Show (4-
22-
06)
Matt Sydal
92.9%
The 100th Show (4-
22-
06)
BJ Whitmer
92.9%
Final Battle 2005 (12-
17-
05)
Alex Shelley
91.1%
Hell Freezes Over (1-
14-
06)
Alex Shelley
91.1%
Hell Freezes Over (1-
14-
06)
Adam Pearce
91.1%
Tag Wars 2006 (1-
27-
06)
Adam Pearce
91.1%
Tag Wars 2006 (1-
27-
06)
Jimmy Jacobs
91.1%
Tag Wars 2006 (1-
27-
06)
Alex Shelley
91.1%
Tag Wars 2006 (1-
27-
06)
Alex Shelley
91.1%
Dissension (1-
28-
06)
Adam Pearce
91.1%
Dissension (1-
28-
06)
Alex Shelley
91.1%
Dissension (1-
28-
06)
Jimmy Jacobs
91.1%
Unscripted 2 (2-
11-
06)
Adam Pearce
91.1%
Unscripted 2 (2-
11-
06)
Adam Pearce
91.1%
4th Anniversary Show (2-
25-
06)
Adam Pearce
91.1%
Arena Warfare (3-
11-
06)
Alex Shelley
91.1%
Best in the World (3-
25-
06)
Alex Shelley
91.1%
Dragon Gate Challenge (3-
30-
06)
Jimmy Jacobs
91.1%
Dragon Gate Challenge (3-
30-
06)
Alex Shelley
91.1%
Supercard of Honor (3-
31-
06)
Alex Shelley
91.1%
Supercard of Honor (3-
31-
06)
Jimmy Jacobs
91.1%
Better than Our Best (4-
1-
06)
Jimmy Jacobs
91.1%
Better than Our Best (4-
1-
06)
Alex Shelley
91.1%
The 100th Show (4-
22-
06)
Jimmy Jacobs
91.1%
Final Battle 2005 (12-
17-
05)
KENTA
89.3%
Hell Freezes Over (1-
14-
06)
Jack Evans
89.3%
Hell Freezes Over (1-
14-
06)
AJ Styles
89.3%
Tag Wars 2006 (1-
27-
06)
Jack Evans
89.3%
Tag Wars 2006 (1-
27-
06)
Jack Evans
89.3%
Dissension (1-
28-
06)
Jack Evans
89.3%
Dissension (1-
28-
06)
AJ Styles
89.3%
4th Anniversary Show (2-
25-
06)
Jack Evans
89.3%
4th Anniversary Show (2-
25-
06)
AJ Styles
89.3%
Best in the World (3-
25-
06)
Jack Evans
89.3%
Best in the World (3-
25-
06)
KENTA
89.3%
Dragon Gate Challenge (3-
30-
06)
AJ Styles
89.3%
Dragon Gate Challenge (3-
30-
06)
Jack Evans
89.3%
Supercard of Honor (3-
31-
06)
AJ Styles
89.3%
Supercard of Honor (3-
31-
06)
Jack Evans
89.3%
Better than Our Best (4-
1-
06)
Jack Evans
89.3%
Better than Our Best (4-
1-
06)
AJ Styles
89.3%
The 100th Show (4-
22-
06)
AJ Styles
89.3%
Final Battle 2005 (12-
17-
05)
Jimmy Rave
87.5%
Hell Freezes Over (1-
14-
06)
Jimmy Rave
87.5%
Tag Wars 2006 (1-
27-
06)
Jimmy Rave
87.5%
Tag Wars 2006 (1-
27-
06)
Jimmy Rave
87.5%
Dissension (1-
28-
06)
Jimmy Rave
87.5%
Unscripted 2 (2-
11-
06)
Jimmy Rave
87.5%
4th Anniversary Show (2-
25-
06)
Jimmy Rave
87.5%
Best in the World (3-
25-
06)
Jimmy Rave
87.5%
Best in the World (3-
25-
06)
Jimmy Rave
87.5%
Best in the World (3-
25-
06)
Necro Butcher
87.5%
Dragon Gate Challenge (3-
30-
06)
Jimmy Rave
87.5%
Dragon Gate Challenge (3-
30-
06)
Dragon Kid
87.5%
Dragon Gate Challenge (3-
30-
06)
CIMA
87.5%
Supercard of Honor (3-
31-
06)
Jimmy Rave
87.5%
Supercard of Honor (3-
31-
06)
Dragon Kid
87.5%
Supercard of Honor (3-
31-
06)
CIMA
87.5%
Better than Our Best (4-
1-
06)
Jimmy Rave
87.5%
Better than Our Best (4-
1-
06)
Dragon Kid
87.5%
Better than Our Best (4-
1-
06)
CIMA
87.5%
The 100th Show (4-
22-
06)
Jimmy Rave
87.5%
The 100th Show (4-
22-
06)
Necro Butcher
87.5%
Final Battle 2005 (12-
17-
05)
Ricky Reyes
85.7%
Hell Freezes Over (1-
14-
06)
Ricky Reyes
85.7%
Unscripted 2 (2-
11-
06)
Ricky Reyes
85.7%
Unscripted 2 (2-
11-
06)
CM Punk
85.7%
4th Anniversary Show (2-
25-
06)
Ricky Reyes
85.7%
Arena Warfare (3-
11-
06)
Ricky Reyes
85.7%
Best in the World (3-
25-
06)
Ricky Reyes
85.7%
Dragon Gate Challenge (3-
30-
06)
Ricky Reyes
85.7%
Supercard of Honor (3-
31-
06)
Ricky Reyes
85.7%
Better than Our Best (4-
1-
06)
Ricky Reyes
85.7%
The 100th Show (4-
22-
06)
Ricky Reyes
85.7%
The 100th Show (4-
22-
06)
Super Dragon
85.7%
Final Battle 2005 (12-
17-
05)
Jay Lethal
83.9%
Hell Freezes Over (1-
14-
06)
Jay Lethal
83.9%
Event
Wrestler
% Correct
Tag Wars 2006 (1-
27-
06)
Jay Lethal
83.9%
Dissension (1-
28-
06)
Jay Lethal
83.9%
Final Battle 2005 (12-
17-
05)
Tony Mamaluke
82.1%
Final Battle 2005 (12-
17-
05)
Naomichi Marufuji
82.1%
Hell Freezes Over (1-
14-
06)
Tony Mamaluke
82.1%
Tag Wars 2006 (1-
27-
06)
Tony Mamaluke
82.1%
Dissension (1-
28-
06)
Tony Mamaluke
82.1%
4th Anniversary Show (2-
25-
06)
Tony Mamaluke
82.1%
Arena Warfare (3-
11-
06)
Tony Mamaluke
82.1%
Best in the World (3-
25-
06)
Naomichi Marufuji
82.1%
Dragon Gate Challenge (3-
30-
06)
Naruki Doi
82.1%
Supercard of Honor (3-
31-
06)
Naruki Doi
82.1%
Better than Our Best (4-
1-
06)
Naruki Doi
82.1%
Tag Wars 2006 (1-
27-
06)
Abyss
80.4%
Tag Wars 2006 (1-
27-
06)
Abyss
80.4%
Dissension (1-
28-
06)
Abyss
80.4%
Dissension (1-
28-
06)
Ace Steel
80.4%
Supercard of Honor (3-
31-
06)
Ace Steel
80.4%
Better than Our Best (4-
1-
06)
Ace Steel
80.4%
Better than Our Best (4-
1-
06)
Lance Storm
80.4%
Final Battle 2005 (12-
17-
05)
Sal Rinauro
78.6%
Hell Freezes Over (1-
14-
06)
Sal Rinauro
78.6%
Tag Wars 2006 (1-
27-
06)
Jimmy Yang
78.6%
Tag Wars 2006 (1-
27-
06)
Sal Rinauro
78.6%
Tag Wars 2006 (1-
27-
06)
Chad Collyer
78.6%
Tag Wars 2006 (1-
27-
06)
Jimmy Yang
78.6%
Dissension (1-
28-
06)
Jimmy Yang
78.6%
Dissension (1-
28-
06)
Sal Rinauro
78.6%
Dissension (1-
28-
06)
Chad Collyer
78.6%
Unscripted 2 (2-
11-
06)
Jimmy Yang
78.6%
4th Anniversary Show (2-
25-
06)
Sal Rinauro
78.6%
Arena Warfare (3-
11-
06)
Jimmy Yang
78.6%
Arena Warfare (3-
11-
06)
Sal Rinauro
78.6%
Best in the World (3-
25-
06)
Jimmy Yang
78.6%
Dragon Gate Challenge (3-
30-
06)
Chad Collyer
78.6%
Dragon Gate Challenge (3-
30-
06)
Jimmy Yang
78.6%
Supercard of Honor (3-
31-
06)
Jimmy Yang
78.6%
Supercard of Honor (3-
31-
06)
Chad Collyer
78.6%
Better than Our Best (4-
1-
06)
Jimmy Yang
78.6%
The 100th Show (4-
22-
06)
Jimmy Yang
78.6%
Best in the World (3-
25-
06)
Daizee Haze
73.2%
Dragon Gate Challenge (3-
30-
06)
Shane Hagadorn
73.2%
Dragon Gate Challenge (3-
30-
06)
Masato Yoshino
73.2%
Supercard of Honor (3-
31-
06)
Shane Hagadorn
73.2%
Supercard of Honor (3-
31-
06)
Masato Yoshino
73.2%
Supercard of Honor (3-
31-
06)
Daizee Haze
73.2%
Final Battle 2005 (12-
17-
05)
Steve Corino
71.4%
Arena Warfare (3-
11-
06)
Dunn
71.4%
Arena Warfare (3-
11-
06)
Marcos
71.4%
Better than Our Best (4-
1-
06)
Masato Yoshino
71.4%
Unscripted 2 (2-
11-
06)
Xavier
69.6%
Best in the World (3-
25-
06)
Lacey
69.6%
Supercard of Honor (3-
31-
06)
Lacey
69.6%
Dragon Gate Challenge (3-
30-
06)
Genki Horiguchi
66.1%
Supercard of Honor (3-
31-
06)
Genki Horiguchi
66.1%
Better than Our Best (4-
1-
06)
Genki Horiguchi
66.1%
The 100th Show (4-
22-
06)
Derek Dempsey
66.1%
Final Battle 2005 (12-
17-
05)
Milano Collection AT
64.3%
Unscripted 2 (2-
11-
06)
Pelle Primeau
64.3%
Arena Warfare (3-
11-
06)
Jake Crist
64.3%
Best in the World (3-
25-
06)
Pelle Primeau
64.3%
Better than Our Best (4-
1-
06)
Jake Crist
64.3%
The 100th Show (4-
22-
06)
Pelle Primeau
64.3%
Final Battle 2005 (12-
17-
05)
Azrieal
62.5%
Hell Freezes Over (1-
14-
06)
Azrieal
62.5%
Unscripted 2 (2-
11-
06)
Azrieal
62.5%
4th Anniversary Show (2-
25-
06)
Azrieal
62.5%
Arena Warfare (3-
11-
06)
David Crist
62.5%
Better than Our Best (4-
1-
06)
David Crist
62.5%
Hell Freezes Over (1-
14-
06)
Kid Mikaze
60.7%
Hell Freezes Over (1-
14-
06)
Jason Blade
60.7%
Unscripted 2 (2-
11-
06)
Kid Mikaze
60.7%
Unscripted 2 (2-
11-
06)
Jason Blade
60.7%
4th Anniversary Show (2-
25-
06)
Jason Blade
60.7%
4th Anniversary Show (2-
25-
06)
Kid Mikaze
60.7%
Arena Warfare (3-
11-
06)
Kid Mikaze
60.7%
Arena Warfare (3-
11-
06)
Jason Blade
60.7%
Best in the World (3-
25-
06)
Kid Mikaze
60.7%
Best in the World (3-
25-
06)
Jason Blade
60.7%
Dragon Gate Challenge (3-
30-
06)
Ryo Saito
60.7%
Supercard of Honor (3-
31-
06)
Ryo Saito
60.7%
Better than Our Best (4-
1-
06)
Ryo Saito
60.7%
Best in the World (3-
25-
06)
Allison Danger
58.9%
Supercard of Honor (3-
31-
06)
Allison Danger
58.9%
Final Battle 2005 (12-
17-
05)
Davey Andrews
57.1%
Unscripted 2 (2-
11-
06)
Mitch Franklin
57.1%
Supercard of Honor (3-
31-
06)
Mitch Franklin
57.1%
Tag Wars 2006 (1-
27-
06)
Jay Fury
48.2%
Dissension (1-
28-
06)
Jay Fury
48.2%
4th Anniversary Show (2-
25-
06)
Jay Fury
48.2%
Supercard of Honor (3-
31-
06)
MsChif
48.2%
Hell Freezes Over (1-
14-
06)
Trik Davis
46.4%
Supercard of Honor (3-
31-
06)
Rain
46.4%
Unscripted 2 (2-
11-
06)
Grim Reefer
42.9%
The 100th Show (4-
22-
06)
Adam Pearace
37.5%
Unscripted 2 (2-
11-
06)
Jerrelle Clark
35.7%
Supercard of Honor (3-
31-
06)
Flash Flanagan
35.7%
Supercard of Honor (3-
31-
06)
Cheerleader Melissa
33.9%
Best in the World (3-
25-
06)
Mercedes Martinez
30.4%
Quiz Playlist
Details
Report
Send in Message
Add To Playlist
Classic:
Type in answers that appear in a list
Last Updated: Feb 16, 2017
Quiz Scoreboard
CHALLENGE
Sign Up to Join the Scoreboard
Show All
Scores
Hide
Comments
May contain spoilers
Recently Published
Alphabetical 'K' Countries by Flag Minefield
by ylime102
Geography
3m
Pick 6: Fruits
by JohnFran
Miscellaneous
15s
Click the 1999 NBA Draft
by nibperrychub
Sports
2m
More to Explore
Quiz From the Vault
Featured Blog Post
15 Basketball Trivia Facts You Can Be March Mad About
hide this ad
You Might Also Like...
Tags
Event
Matching
roh
Wrestlers
Today's Top Quizzes in Sports
Browse Sports
hide this ad
Today's Top Quizzes in Event
Browse Event
Top Contributed Quizzes in Sports
1
Les joueurs à 100 buts en Ligue 1 Uber Eats
2
Pick 6: NFL Teams
3
MLB 2 truths and a lie: Hall of Fame pitchers
4
2022 World Cup Stars
5
Criteria MLB: Left Handed Sluggers
6
Millionaire: NBA Finals Edition
7
Pick 6: Minor League Baseball
8
Click the 1998 NBA Draft
9
Don't Strike Out: 3000 Strikeouts
10
Pick 6: Olympics
Explore More
Trending Topics
Crossword
Kpop
Disney
Marvel
Anime
NBA
Harry Potter
WWE
Puzzle
NFL
Pokémon
Country
The Office
Song
Soccer
hide this ad
More By:
wrestlefan3589
Quiz
Plays
Rating
Category
Featured
Created
Can you name the WWE Pay-Per-View Matches in 2010
3,735
4.33
Sports
Oct 13, 2011
PWI Awards History pt1
723
3.75
Sports
Jun 25, 2011
Summer Slam Matches 88-95
579
3.67
Sports
May 1, 2011
Can you name the WWE Pay-Per-View matches in 1990-1991
561
4.86
Sports
Oct 18, 2011
G4 TV's 100 Greatest Video Games of All Time
507
1.05
Gaming
Jun 17, 2012
Go to Creator's Profile
Score Distribution
Quiz Creator Spotlight
wrestlefan3589
Follow
Send a Message
Quizzes Created
-
Created Quiz Play Count
-
More By This Creator
Popular Quizzes Today
1
Countries of Asia Without Outlines Minefield
2
Find the US States - No Outlines Minefield
3
Pick 6: Fruits
4
Alphabetical 'K' Countries by Flag Minefield
5
The Countries of the World
6
Find the US States
7
US States
8
Match the Book to the Film X
More Sports Quizzes
Athletes With Even-Numbered Jerseys
Editor's Pick
Trending Quizzes
Pick 6: Harry Potter
Pick 6: Mountains
Pick 6: NFL Teams
Pick 6: Flags
Pick 6: Movie Franchises
Recently Updated
NWSL Teams
pecheneg
Women's Final Four Teams by Year
bhenderson79
Presidents Quartet II
eogle
Anything But Clue(do)
eogle
Anything But Oceanian Capitals
eogle
Anything But 7
eogle
Anything But Thing
eogle
Word Ladder: February 29
pecheneg
Song Title Questions
pecheneg
Women's NCAA Tournament #1 Seeds
pecheneg
Trending Topics
Kpop
Anime
Disney
NBA
Crossword
Marvel
Harry Potter
Song
Soccer
Country
The Office
WWE
Pokémon
Puzzle
NFL
Your Account Isn't Verified!
In order to create a playlist on Sporcle, you need to verify the email address you used during registration. Go to your
Sporcle Settings
to finish the process.
Report this User
Report this user for behavior that violates our
Community Guidelines
.
Details:
Send Report
Go to the Sporcle.com Mobile Site →
Comments